MDQL
is popping MORE tags! Check the
thread
!
Quizzes
Events
Quiz Creation
Community
Videos
Private Events
Remove Ads
Sign In
Join for FREE
Feedback
Dark Mode
Quiz Categories
Sports
Geography
Music
Movies
Television
Just For Fun
Miscellaneous
History
Literature
Language
Science
Gaming
Entertainment
Religion
Holiday
For Kids
Quiz Lab
Recent
Popular Today
Quiz Kudos Today
Editor Picks
Curator Picks
Quizzes by...
Day
Popularity
Type
Ratings
Length
Year
Community
Subscriptions
Recent Discussions
Orange Saloon
Badges
Playlists
Quests
Create
Leaderboards
Showdown
Live 5
Trivia Bingo
Activity
Puzzle Library
Sporcle Events
Private Events
Virtual Trivia
Globe League
Become a Host
Pub Owners
SporcleCon
Opinionation
Our Games
Videos
Blog
Mobile Apps
Partnerships
Remove Ads and Go Orange
Feedback
Sports
Athletes
MLB
NBA
NHL
NFL
Soccer
Sports Teams
WWE
NCAA
Football
Premier League
Basketball
Baseball
Hockey
Golf
Tennis
Cricket
Rugby
Auto Racing
Olympics
World Cup
Sports
Athletes
MLB
NBA
NHL
NFL
Soccer
Sports Teams
WWE
NCAA
Football
Premier League
Basketball
Baseball
Hockey
Golf
Tennis
Cricket
Rugby
Auto Racing
Olympics
World Cup
Random Quiz
Search Sporcle
×
Quiz Lab
Quiz Lab
Sports
Sports Teams
Type in answers that appear in a list
Type in answers that appear in a list
Classic
Best Score? Go Orange.
Orange in the Big 4 sports Stats
Can you name the Big 4 sports teams that wear Orange?
By
Ned_Ryerson
2m
24 Questions
271 Plays
271 Plays
271 Plays
Comments
Comments
Give Quiz Kudos
Give Quiz Kudos
-
- Ratings
hide this ad
More Info
Replay
Link that replays current quiz
Next Quiz
Link to next quiz in quiz playlist
You Got
0%
They Got
Avg Score
35%
Avg Friend Score
Upgrade to see
Score Distribution
Jump to the score distribution portion of the page
Score
0/24
Timer
02:00
0
Plays Today
League
Team
% Correct
MLB
Baltimore Orioles
72.7%
NFL
Cincinnati Bengals
72%
NFL
Cleveland Browns
70.1%
NFL
Denver Broncos
61.6%
MLB
San Francisco Giants
59.4%
NBA
New York Knicks
51.3%
NHL
Philadelphia Flyers
50.6%
MLB
New York Mets
48%
NHL
New York Islanders
43.9%
NBA
Phoenix Suns
42.8%
NFL
Miami Dolphins
42.1%
NFL
Chicago Bears
39.5%
League
Team
% Correct
MLB
Detroit Tigers
38.7%
NBA
Oklahoma City Thunder
32.5%
NHL
Edmonton Oilers
30.6%
NBA
Charlotte Bobcats
26.9%
NHL
Anaheim Ducks
26.2%
NHL
Atlanta Thrashers
15.9%
NHL
San Jose Sharks
11.4%
English Premiership League (Bonus)
Oldham Athletic
4.1%
English Premiership League (Bonus)
Wolverhampton Wanderers
3.7%
English Premiership League (Bonus)
Hull City A.F.C
3.3%
English Premiership League (Bonus)
Blackpool F.C.
2.6%
English Premiership League (Bonus)
Wigan Athletic
0.7%
Quiz Playlist
Details
Report
Send in Message
Add To Playlist
More Info:
Answers based on official team colors as stated on their website.
Classic:
Type in answers that appear in a list
Last Updated: Feb 16, 2017
Quiz Scoreboard
CHALLENGE
Sign Up to Join the Scoreboard
Show All
Scores
Hide
Comments
May contain spoilers
Recently Published
Two Season TV Shows II
by 123Four
Television
10m
Image Sorting: Flags VI
by Barbecue
Geography
2m
Find the 'City' Movie
by crazypaving
Movies
60s
More to Explore
Quiz From the Vault
Featured Blog Post
14 Easter Pick-up Lines to Find Eggs With
hide this ad
You Might Also Like...
Tags
Sports Teams Quiz
Big 4
League
orange
team
Wear
Today's Top Quizzes in Sports
Browse Sports
hide this ad
Today's Top Quizzes in Sports Teams
Browse Sports Teams
Top Contributed Quizzes in Sports
1
Les meilleurs buteurs des matchs entre le PSG et l’OM
2
Les entraîneurs de l'OM et du PSG au 21e siècle
3
2022 World Cup Stars
4
Les joueurs passés par le PSG et l'OM
5
Players with Multiple 50 Home Run Seasons
6
Criteria MLB: Left Handed Sluggers
7
FIFA Club World Cup Champions
8
Les joueurs passés par le LOSC et le RC Lens
9
NBA Logic Puzzle 2.0
10
Top 10 NHL Goal Scorers of All Time
Explore More
Trending Topics
Marvel
Crossword
NBA
Disney
Kpop
Anime
Harry Potter
NFL
Country
Puzzle
Soccer
The Office
WWE
Song
Pokémon
hide this ad
More By:
Ned_Ryerson
Quiz
Plays
Rating
Category
Featured
Created
13 word palindrome
476
2.35
Language
Jul 8, 2010
US Presidential Elections 1789 - 1896
287
4.25
History
Dec 22, 2010
Orange in the Big 4 sports
271
4.00
Sports
Jul 10, 2010
Hometown NFL Quarterbacks
228
3.00
Sports
Sep 24, 2012
Official U.S. State Sports
86
2.33
Sports
Jan 7, 2011
Go to Creator's Profile
Score Distribution
Quiz Creator Spotlight
Ned_Ryerson
Follow
Send a Message
Quizzes Created
-
Created Quiz Play Count
-
More By This Creator
Popular Quizzes Today
1
Find the US States - No Outlines Minefield
2
Colored Red Africa Blitz
3
Find the 'City' Movie
4
5x2 Blitz: Bands
5
The Countries of the World
6
Find the Countries of Europe - No Outlines Minefield
7
Find the US States
8
US States
More Sports Quizzes
MLB Top 100 HR Hitters Minefield
Published
Trending Quizzes
Colored Red Europe Blitz I
Colored Red Africa Blitz II
Colored Red Europe Blitz II
Colored Red Africa Blitz III
Colored Red Europe Blitz III
Recently Updated
How Do You Spell That?
pecheneg
Godzilla Movies
pecheneg
Grab Bag: 4-10 Letters
pecheneg
2024 March Madness Bracket
pecheneg
Famous TV Couples
Peacemaker
Champions League XIs: Real Madrid
pecheneg
Largest US Cities 1790-2010
pecheneg
Rides in Walt Disney World
pecheneg
Most Oscar Losses (Acting)
pecheneg
Beyoncé Albums
pecheneg
Trending Topics
Crossword
Kpop
Anime
Harry Potter
Disney
Marvel
NBA
WWE
Soccer
NFL
Country
Pokémon
Song
Puzzle
The Office
Your Account Isn't Verified!
In order to create a playlist on Sporcle, you need to verify the email address you used during registration. Go to your
Sporcle Settings
to finish the process.
Report this User
Report this user for behavior that violates our
Community Guidelines
.
Details:
Send Report
Go to the Sporcle.com Mobile Site →
Comments